| Tag |
First Indicator |
Second Indicator |
Subfields |
| LEADER |
00000cam a2200000 a 4500 |
| 001 |
in00000014800 |
| 005 |
20151007052906.0 |
| 008 |
861211s1987 mau b 00110 eng |
| 010 |
|
|
|a 86032144
|
| 020 |
|
|
|a 0043012671 (alk. paper)
|
| 035 |
|
|
|a (OCoLC)15016938
|
| 035 |
|
|
|9 AAA9598AM
|
| 040 |
|
|
|a DLC
|c DLC
|d TXA
|d UtOrBLW
|
| 049 |
|
|
|a TXAM
|c [A11464751]
|
| 050 |
0 |
0 |
|a HM291
|b .O77 1987
|
| 082 |
0 |
|
|a 303.3/72
|2 19
|
| 100 |
1 |
|
|a Orrú, Marco,
|d 1954-
|
| 245 |
1 |
0 |
|a Anomie :
|b history and meanings /
|c Marco Orrù.
|
| 264 |
|
1 |
|a Boston :
|b Allen & Unwin,
|c 1987.
|
| 300 |
|
|
|a xii, 210 pages ;
|c 23 cm.
|
| 336 |
|
|
|a text
|b txt
|2 rdacontent
|
| 337 |
|
|
|a unmediated
|b n
|2 rdamedia
|
| 338 |
|
|
|a volume
|b nc
|2 rdacarrier
|
| 504 |
|
|
|a Bibliography: pages 164-202.
|
| 500 |
|
|
|a Includes indexes.
|
| 650 |
|
0 |
|a Anomy.
|
| 999 |
|
|
|a MARS
|
| 999 |
f |
f |
|s f30e3e0d-d535-36e4-afb3-fc8e78525a93
|i d1f96fe6-1ee6-36f2-9201-6907370a7828
|t 0
|
| 952 |
f |
f |
|p ric
|a Texas A&M University
|b Rellis Campus
|c Joint Library Facility
|d Remote Storage
|t 0
|e HM291 .O77 1987
|h Library of Congress classification
|i unmediated -- volume
|m A14811464751
|
| 998 |
f |
f |
|a HM291 .O77 1987
|t 0
|l Remote Storage
|